01307nam a2200337 a 4500001001100000003000800011006001900019007001500038008004100053010001700094020001500111020002200126040002100148035002000169050002300189082001600212100002200228245011200250260006800362300001600430504006600446533015200512650003000664650002600694650003600720650002700756655002900783710001700812856012500829999001500954ebr5006349CaPaEBRm u cr cn|||||||||000831s2001 enk sb 001 0 eng  z 00045520  z0521632315 z0521635071 (pbk.) aCaPaEBRcCaPaEBR a(OCoLC)5120283614aP115.2b.B5 2001eb04a401/.932211 aBialystok, Ellen.10aBilingualism in developmenth[electronic resource] :blanguage, literacy, and cognition /cEllen Bialystok. aCambridge, UK ;aNew York :bCambridge University Press,c2001. axii, 288 p. aIncludes bibliographical references (p. [249]-279) and index. aElectronic reproduction.bPalo Alto, Calif. :cebrary,d2013.nAvailable via World Wide Web.nAccess may be limited to ebrary affiliated libraries. 0aBilingualism in children. 0aLanguage acquisition. 0aLanguage awareness in children. 0aCognition in children. 7aElectronic books.2local2 aebrary, Inc.40uhttp://site.ebrary.com/lib/rucke/Doc?id=5006349zAn electronic book accessible through the World Wide Web; click to view c6650d6650